000 00188nam a2200085 4500
001 1257085
005 20260202103738.0
245 _aTOPRAĞIMIZIN KOKUSU
_cNEDİM DEMİRBAŞ
260 _bEVEREST
999 _c1257085
_d1257085